Home Print Resources E-Books E-Journals IIMT Lecture Series Library Membership Form Book Recommendation Form Campus Tour Take AdmissionAbout Us Contact Us

ADVANCED PHARMACY LAW AND ETHICS (Record no. 67282)

000 -LEADER
fixed length control field 00321nam a22001337a 4500
008 - FIXED-LENGTH DATA ELEMENTS--GENERAL INFORMATION
fixed length control field 260317b |||||||| |||| 00| 0 eng d
020 ## - ISBN
International Standard Book Number 9788197384646
040 ## - CATALOGING SOURCE
Original cataloging agency IIMT University College of Medical Sciences
100 ## - MAIN ENTRY--PERSONAL NAME
Personal name KUMAR VIRENDRA
245 ## - TITLE STATEMENT
Title ADVANCED PHARMACY LAW AND ETHICS
260 ## - PUBLICATION, DISTRIBUTION, ETC. (IMPRINT)
Place of publication, distribution, etc DELHI
Name of publisher, distributor, etc SUG PUBLICATION
Date of publication, distribution, etc 2025
300 ## - PHYSICAL DESCRIPTION
Pages 307
942 ## - ADDED ENTRY ELEMENTS (KOHA)
Koha item type Text-Book- for 7 days
952 ## - LOCATION AND ITEM INFORMATION (KOHA)
-- 2026-03-17
952 ## - LOCATION AND ITEM INFORMATION (KOHA)
-- 2026-03-17
952 ## - LOCATION AND ITEM INFORMATION (KOHA)
-- 2026-03-17
952 ## - LOCATION AND ITEM INFORMATION (KOHA)
-- 2026-03-17
952 ## - LOCATION AND ITEM INFORMATION (KOHA)
-- 2026-03-17
Holdings
Withdrawn status Lost status Source of classification or shelving scheme Damaged status Not for loan Location (home branch) Sublocation or collection (holding branch) Date acquired Source of Acquisition Cost Normal purchase price Koha issues (times borrowed) Koha full call number Accession No. Koha date last seen Koha item type
          IIMT University College of Medical Sciences IIMT University College of Medical Sciences 03/16/2026 R.LALL 375.00   614.35(KUM) 02-B-15190 03/17/2026 Text-Book- for 7 days
          IIMT University College of Medical Sciences IIMT University College of Medical Sciences 03/16/2026 R.LALL 375.00   614.35(KUM) 02-B-15191 03/17/2026 Text-Book- for 7 days
          IIMT University College of Medical Sciences IIMT University College of Medical Sciences 03/16/2026 R.LALL 375.00   614.35(KUM) 02-B-15192 03/17/2026 Text-Book- for 7 days
          IIMT University College of Medical Sciences IIMT University College of Medical Sciences 03/16/2026 R.LALL 375.00   614.35(KUM) 02-B-15193 03/17/2026 Text-Book- for 7 days
          IIMT University College of Medical Sciences IIMT University College of Medical Sciences 03/16/2026 R.LALL 375.00   614.35(KUM) 02-B-15194 03/17/2026 Text-Book- for 7 days
IIMT, Central Library. All Rights Reserved IIMT,UNIVERSITY © 2023
Implemented and Customised by I CLOUDE EMS
You Are OPAC Visitor No
free web counter

Powered by Koha